Music Quiz

Random Music or This or That Quiz

Michael Jackson vs Prince - songs Quiz Stats

Quiz not verified by Sporcle

Challenge
Share
Tweet
Embed
Score 0/42 Timer 03:00
0 Plays Today
Song Michael Jackson (M) or Prince (P) % Correct
Raspberry Beret???
90.9%
You Are Not Alone???
90.7%
The Girl Is Mine???
90%
Heal The World???
90%
Darling Nikki???
89.8%
Diamonds And Pearls???
89.8%
Dirty Diana???
89.6%
Sign O’ The Times???
89.6%
Money Don’t Matter 2night???
89.6%
Lovesexy???
89.3%
Human Nature???
88.9%
Earth Song???
88.7%
Let’s Go Crazy???
88.5%
Dangerous???
88.2%
P.Y.T. (Pretty Young Thing)???
87.5%
She's Out Of My Life???
86.9%
I Wish U Heaven???
86.2%
Prettyman???
85.5%
The Greatest Romance Ever Sold???
85.5%
The Most Beautiful Girl In The World???
85.5%
Sexy Dancer???
85.1%
Song Michael Jackson (M) or Prince (P) % Correct
Delirious???
85.1%
Leave Me Alone???
84.9%
I Wanna Be Your Lover???
84.7%
Slave???
83.5%
The Lady In My Life???
80%
Working Day And Night???
79.3%
White Mansion???
78.5%
The Truth???
76.7%
Dead On It???
74.9%
Speed Demon???
74.4%
Rainbow Children???
74.4%
New World???
73.6%
Objects In The Mirror???
73.5%
Butterflies???
72.7%
Sweet Baby???
72.5%
The Lost Children???
70.4%
Get On the Floor???
69.5%
Keep The Faith???
68.2%
Heartbreaker???
66%
Little Susie???
64.2%
She Drives Me Wild???
62.5%

You're not logged in!

Compare scores with friends on all Sporcle quizzes.
Sign Up with Email
OR
Log In

You Might Also Like...

Show Comments

Extras

Top Quizzes Today


Score Distribution

Your Account Isn't Verified!

In order to create a playlist on Sporcle, you need to verify the email address you used during registration. Go to your Sporcle Settings to finish the process.